• 首页
  • 本馆介绍
  • 公告通知
  • 最新文献
  • 馆藏检索
  • 电子资源
  • 读者导购
  • 参考咨询
  • 我的图书馆
  • 登录
  • 详细信息显示
  • 放入我的书架
  • 预约/预借图书
  • 作者相关作品
  • 分类相关作品
  • 丛书相关作品
  • 出版社相关作品

书目信息

  • 表格格式
  • 工作单格式
  • 卡片格式
题名:
多店特许经营中间层理论与案例
    
 
作者: 赵小涛 著
分册:  
出版信息: 北京   经济管理出版社  2012
页数: 275页
开本: 24cm
丛书名:
单 册:
中图分类: F717.6
科图分类:
主题词: 特许经营--研究 , 特许经营
电子资源:
ISBN: 978-7-5096-2115-8
000 01066nam0 22002531 450
001 519
005 20140909100103.43
010    @a978-7-5096-2115-8@dCNY38.00
100    @a20130110d2012 kemy0chiy50 ea
101 0  @achi
102    @aCN@b110000
105    @ay z 000yy
106    @ar
200 1  @a多店特许经营中间层理论与案例@ADuo Dian Te Xu Jing Ying Zhong Jian Ceng Li Lun Yu An Li@dThe theory and case of intermediate layer of franchise (multi-unit franchise)@f赵小涛著@FZhao Xiao Tao Zhu@zeng
210    @a北京@c经济管理出版社@d2012
215    @a275页@d24cm
330    @a本书先对特许经营的由来和基本概念进行了阐述,接下来重点论述了多店特许经营的现象,包括国内外多店特许发展的基本情况、国内外发展的环境差异,最后详细介绍了本书研究的角度、方法以及各章节的安排。
510 1  @aTheory and case of intermediate layer of franchise (multi-unit franchise)@zeng
606 0  @a特许经营@x研究
606 0  @a特许经营
690    @aF717.6@v5
701  0 @a赵小涛@AZhao Xiao Tao@g(管理学)@4著
801  0 @aCN@bTANGWEI@c20140603
905    @b0837603-05@dF717.6@e712@f3
    
    多店特许经营中间层理论与案例=The theory and case of intermediate layer of franchise (multi-unit franchise)/赵小涛著.-北京:经济管理出版社,2012
    275页;24cm
    
    
    ISBN 978-7-5096-2115-8:CNY38.00
    本书先对特许经营的由来和基本概念进行了阐述,接下来重点论述了多店特许经营的现象,包括国内外多店特许发展的基本情况、国内外发展的环境差异,最后详细介绍了本书研究的角度、方法以及各章节的安排。
●
相关链接 在E读中查询图书 在五车中查询图书 在当当中查询图书 在豆瓣中查询图书


正题名:多店特许经营中间层理论与案例     索取号:F717.6/712         预约/预借

序号 登录号 条形码 馆藏地/架位号 状态 备注
1 0837603   208376032   第一样本阅览室/ [索取号:F717.6/712] 在馆    
2 0837604   208376041   第一借阅区/ [索取号:F717.6/712] 在馆    
3 0837605   208376050   密集书库-海洋学院/ [索取号:F717.6/712] 在馆    
唐山师范学院图书馆 欢迎您!
大连网信软件有限公司© 版权所有